[Event "EU-ch 2nd"]
[Site "Ohrid"]
[Date "2001.06.06"]
[Round "6"]
[White "Kacheishvili, Giorgi"]
[Black "Jaracz, Pawel"]
[Result "1-0"]
[WhiteElo "2570"]
[BlackElo "2484"]
[Annotator "Finkel,A"]
[PlyCount "129"]
[EventDate "2001.06.01"]
[EventType "swiss"]
[EventRounds "13"]
[EventCountry "YUG"]
[SourceTitle "CBM 084"]
[Source "ChessBase"]
[SourceDate "2001.09.13"]
[SourceVersion "1"]
[SourceVersionDate "2001.09.13"]
[SourceQuality "1"]

1. d4 g6 2. e4 Bg7 3. Nc3 d6 4. Nge2 Nc6 {King: The knight turns out to be
misplaced on c6. It is difficult to exploit white's odd move order (4.Nge2).
Actually, I don't really see the point of it. For one thing, Nh3-g5 is no
longer possible if black blocks h4 with h5.} 5. Be3 Nf6 6. f3 (6. h3 e5 7. dxe5
(7. d5 Ne7 8. Qd2 Bd7 9. g4 c6 10. Bg2 cxd5 11. exd5 O-O 12. f4 Ne8 13. O-O f5
14. g5 Qa5 $13 {Waitzkin,J-Azmaiparashvili,Z/New York 1997/CBM 57 ext}) (7. g3
Bd7 8. Bg2 Qc8 9. g4 h5 10. g5 Nh7 11. f4 O-O 12. Qd2 exf4 13. Bxf4 Ne7 14.
O-O-O $36 {Strikovic,A-Kosanski,S/Kladovo 1991/TD}) 7... Nxe5 8. Ng3 O-O 9. Qd2
Re8 10. O-O-O b5 11. Bxb5 Bd7 12. Be2 Qb8 13. f4 Nc6 14. Bf3 Qb4 $44 {Godena,
M-Davies,N/Budapest 1993/EXT 97}) 6... e5 (6... O-O 7. Qd2 Na5 8. Ng3 b6 9.
O-O-O c5 10. h4 cxd4 11. Bxd4 Nc6 12. Be3 h5 13. Bh6 Be6 14. Bxg7 Kxg7 15. Bb5
Qc7 16. Rhe1 a6 17. Bxc6 Qxc6 18. Qg5 Kh7 $13 {Ivanchuk,V-Khalifman,A/Manila
1990/CBM 19}) 7. Qd2 d5 $6 {Typical break in the center, but in this concrete
position it looks not so good: white gets quiet unpleasent pressure.} (7... Bd7
8. O-O-O a6 9. d5 Na7 10. Bh6 Bxh6 11. Qxh6 Qe7 12. g4 $14 {Rachels,S-Salman,N/
Chicago 1990/EXT 97}) 8. dxe5 (8. exd5 Nxd5 9. Nxd5 Qxd5 10. Nc3 Qd7 11. d5 Nd4
12. O-O-O O-O 13. f4 Nf5 $13 {Garcia Luque,A-Azmaiparashvili,Z/San Roque 1996/
CBM 57}) 8... Nxe5 9. Ng3 $5 {White opts for more solid continuation promising
him long-lasting initiative, while it seems that he could also take the pawn:}
(9. exd5 $5 Nc4 (9... O-O 10. Ng3 Re8 11. O-O-O $16) 10. Qd3 Nxe3 11. Qxe3+ Qe7
12. Qxe7+ Kxe7 13. O-O-O Rd8 14. Ng3 $16) 9... dxe4 10. Qxd8+ Kxd8 11. O-O-O+
Bd7 (11... Ned7 12. Ngxe4 Nxe4 13. Nxe4 $16) 12. Ngxe4 Nxe4 (12... Kc8 13. Nxf6
Bxf6 14. Ne4 (14. Nd5 Bg7 15. Bd4 $14 {[%cal Gf3f4]}) 14... Bg7 15. Bd4 $14)
13. Nxe4 Kc8 14. Bd4 Rd8 $5 15. Bc3 {[%cal Gf3f4]} (15. f4 $2 Bg4 16. Rd2 Nd3+
17. Bxd3 Bxd4 $11) 15... Bc6 16. Be2 Bxe4 (16... Rd5 17. Rxd5 Bxd5 18. Rd1 Bxe4
(18... c6 $6 {[%csl Rd6]} 19. Nd6+ Kc7 (19... Kd7 20. Nxf7 $1 $16 {[%cal Gd1d7,
Gc3g7]}) 20. Nb5+ Kb6 21. f4 $16) 19. fxe4 h5 $1 {[%csl Gg4]} 20. Rf1 Kd7 21.
Bxe5 Bxe5 22. Rxf7+ Kd6 $14) 17. fxe4 c6 $6 (17... Rxd1+ $1 18. Rxd1 h5 $1 19.
Rf1 Kd7 20. Bxe5 Bxe5 21. Rxf7+ Kd6 $14) 18. Rhf1 $1 $16 Rf8 (18... Rxd1+ 19.
Bxd1 Kc7 (19... f6 20. Bxe5 fxe5 21. Rf7 Bh6+ 22. Kb1 $16) 20. Bxe5+ Bxe5 21.
Rxf7+ Kb6 22. Rxh7 Rf8 23. Bf3 $16) (18... f6 $2 19. Rxd8+ Kxd8 20. Bxe5 fxe5
21. Rf7 $18 {[%cal Gf7h7,Gf7b7]}) 19. Bb4 Rd8 20. Bd6 $1 Rxd6 $1 {[%csl Ge5]
After this sacrifice black's position is probably lost, but as we have seen
befor he didn't have better options.} 21. Rxd6 Kc7 22. Rdd1 h5 23. c3 Re8 24.
Kc2 a5 {Each pawn move weakens the position, so may be it was better just to
make waiting moves.} (24... Re7 $5) 25. a4 Bf8 26. h3 Be7 27. Rb1 Ra8 28. Kb3 {
[%cal Ge2c4,Gf1f2,Gb1f1] Preparing Bc4 intending to put a pressure on pawn f7.}
Kd7 $5 (28... Rb8 $5 29. Bc4 Rf8 30. Rbd1 Kc8 31. Rd2 Bg5 32. Rdf2 Bh4) 29.
Rbd1+ Ke8 30. Bc4 Bc5 31. Rf6 Ke7 32. Rff1 {Now, when black king can't get
back to the queenside, white prepares the advance of b-pawn.} Rh8 33. Be2 Ra8
34. Kc2 Ke6 35. Kd2 Be7 (35... Kd6 $5) 36. Bd3 Bc5 37. Ke2 Ke7 38. Rb1 {
[%cal Gb2b4]} Bd6 {Preventing white from playing b4.} 39. Bc2 Nc4 40. Rfd1 (40.
b4 $2 Na3 41. Rb2 Nxc2 42. bxa5 Rxa5 43. Rxc2 Rxa4 $14) 40... Be5 41. Rd3 $6 (
41. Bb3 $1) 41... Bg7 42. Rdd1 Be5 $6 (42... Rb8 $5) 43. Bb3 $1 {Knight can't
go to e5 and it's certain achievment for white.} Nd6 44. Kf3 Rh8 45. Rd3 g5 $6
{Black tries to look for active counterplay playing by this into white's hands.
} (45... Rb8 $5) 46. Bc2 Rh6 $6 {Transfering the rook to e6 where it has
absolutely nothing to do} 47. Ke2 Re6 $6 {Completing his plan!} (47... Nxe4 48.
Re3 Ng3+ 49. Kd3 (49. Kf2 Rf6+ 50. Rf3 Rxf3+ 51. gxf3 $14 {[%csl Rb7][%cal
Gb2b4]}) 49... Re6 50. b4 Nf5 51. Ree1 $16 {[%csl Rb7]}) 48. Rf1 Kf8 $2 (48...
Nxe4 $5 49. Bb3 Ng3+ 50. Rxg3 Bxg3+ 51. Bxe6 Kxe6 52. Kf3 h4 53. Ke4 Bf4 $16)
49. Bb3 $1 Re7 50. Rfd1 Nxe4 51. Rd8+ Kg7 52. R1d7 $18 {After exchange of the
ooks black can't defend his queenside pawns.} Rxd7 53. Rxd7 Nd6 54. Bxf7 $1
Nxf7 55. Rxb7 Kf6 (55... Bf6 56. Rc7 Kf8 57. Rxc6 Bd8 $18) 56. Ra7 Ke6 57. Rxa5
Nd6 $6 58. Rc5 {[%csl Rc6]} Bf4 59. Rxc6 Kd5 60. Rb6 Nc4 61. Rb4 Kc5 62. b3 Ne5
63. a5 Nc6 64. a6 Bc7 65. Rb7 1-0

[Event "Petrov Memorial op"]
[Site "St Petersburg"]
[Date "2000.02.14"]
[Round "7"]
[White "Alekseev, Evgeny V"]
[Black "Lastin, Alexander"]
[Result "1/2-1/2"]
[WhiteElo "2475"]
[BlackElo "2510"]
[Annotator "Finkel,A"]
[PlyCount "94"]
[EventDate "2000.02.05"]
[EventType "swiss"]
[EventRounds "9"]
[EventCountry "RUS"]
[SourceTitle "CBM 076"]
[Source "ChessBase"]
[SourceDate "2000.05.31"]
[SourceVersion "1"]
[SourceVersionDate "2000.05.31"]
[SourceQuality "1"]

1. e4 g6 2. d4 Bg7 3. Nc3 d6 4. Be3 a6 5. f4 b5 6. Nf3 b4 $5 {This move
doesn't change much in the plans of both sides.} (6... Bb7 7. a3 (7. Bd3 Nf6 (
7... Nd7 8. e5 Nb6 9. O-O e6 10. a4 b4 11. Ne4 Ne7 12. Bf2 Bxe4 13. Bxe4 Nbd5
14. a5 $1 $14 {Tiviakov,S-Azmaiparashvili,Z/Groningen 1994}) 8. a3 O-O 9. O-O
Ng4 10. Bd2 c5 11. dxc5 dxc5 12. h3 Bd4+ 13. Nxd4 Qxd4+ $13 {Mironov,
R-Gorbatow,A/Moscow VDFSO 1992}) 7... Nd7 8. e5 Nh6 9. Be2 Nf5 10. Bf2 c5 11.
dxc5 dxe5 12. fxe5 Nxe5 13. Nxe5 Bxe5 $15 {Sollano,E-Szpisjak,S/Mid-America
Class op 1995}) 7. Ne2 Nf6 8. Ng3 O-O 9. Bd3 Nbd7 10. e5 ({May be more in the
spirit of the position was} 10. Qd2 $5 c5 (10... a5 11. f5 c5 12. O-O-O cxd4
13. Bxd4) 11. dxc5 dxc5 12. O-O-O Qa5 13. Kb1 Ng4 14. Bg1 $14 {with better
chanses for white.}) 10... Nd5 11. Bd2 c5 12. c3 (12. Be4 Bb7 13. c4 bxc3 14.
bxc3 cxd4 15. cxd4 dxe5 16. Qb3 $5 N7b6 17. dxe5 $132) 12... cxd4 13. cxd4 dxe5
14. fxe5 Qb6 15. Qe2 (15. Be4 Bb7 16. Qb3 e6 17. Bxd5 Bxd5 18. Qxb4 f6 $5 $44)
15... Bb7 16. h4 $5 $36 {[%cal Gh4h5,Gh5g6,Gg3e4,Gg2g4] Black has some
problems in creating the counterplay and white starts the attack on the
kingside.} f5 $1 17. h5 e6 18. Rh4 ({It's hard to assese the consequances of
immideate 18.h:g6,but black seems to be o'kay.} 18. hxg6 hxg6 19. Bh6 Bxh6 20.
Rxh6 Kg7 21. Qd2 Rh8 22. Nh5+ $1 Kf7 (22... gxh5 23. Qg5+ Kf7 24. Qg6+ Ke7 25.
Qg7+ $18) 23. Ng5+ Ke7 24. Rxg6 Rxh5 25. Rxe6+ Qxe6 26. Nxe6 Kxe6 $132 (26...
Rh1+ 27. Kf2 Rxa1 28. Qg5+ $1 $40)) 18... a5 19. Ng5 Ba6 (19... h6 $2 20. hxg6
hxg5 21. Qh5 Rfc8 22. Qh7+ Kf8 23. Nh5 $1 gxh4 24. Qxg7+ Ke8 25. Qg8+ $18) 20.
Bxa6 Qxa6 21. Qf3 $2 {After this move black siezes the initiative and white
has to overcome some difficult moments.Better was} (21. hxg6 hxg6 22. Rc1 $14)
21... f4 $1 22. N3e4 Rf5 $6 ({Even stronger was} 22... h6 $1 23. hxg6 hxg5 24.
Rh7 (24. Qh5 Rfc8 25. Qh7+ Kf8 26. Nxg5 Rc2 $19 {[%cal Ga6d3,Gd5e3]}) 24... Rf5
$1 25. Nd6 (25. Qh5 Nf8 26. g4 f3 $1 $19) 25... Nxe5 $1 26. Rxg7+ $1 Kxg7 (
26... Kf8 $2 27. Qh5 $1 Nd3+ 28. Kf1 $18) 27. Nxf5+ exf5 28. dxe5 Qe6 $17 {
with huge advantage for black.}) 23. Qh3 Ne3 $1 $36 24. Kf2 (24. Bxe3 fxe3 25.
g4 Rxg5 $1 (25... Rf4) 26. Nxg5 h6 {[%csl Rh4]} 27. Qxe3 hxg5 28. Qxg5 Qd3 $36)
24... Qd3 25. hxg6 Qxd4 (25... hxg6 $2 26. Rh8+ $1 Bxh8 27. Qh7+ Kf8 28. Nxe6+
Ke8 29. Nd6#) 26. Rxh7 (26. gxh7+ $2 Kh8 27. Nxe6 Qxe4 28. Nxg7 Rg5 $1 29. Bxe3
Qxe3+ 30. Qxe3 fxe3+ 31. Kxe3 Rxe5+ 32. Kd4 Kxg7 $17) 26... Nc2+ 27. Kf1 Nf8 $1
$17 28. Rxg7+ $1 {White defends with a lot of imagination and finally succeds
to escape.} (28. Nf6+ $2 Bxf6 29. exf6 Qxf6 30. Nf7 Nxh7 31. Qxh7+ Kf8 $17)
28... Kxg7 29. Nxe6+ $1 Nxe6 30. Qxf5 Qc4+ 31. Kg1 Rf8 32. Nf6 Nxa1 (32... Qd4+
33. Kh1 Rh8+ $2 34. Nh7 Rxh7+ 35. gxh7 Nxa1 36. Qxe6 $18) 33. Ne8+ $8 Rxe8 $6 (
33... Kh6 $5 34. Nf6 Qd4+ 35. Kf1 Rxf6 36. Qxf6 Qd3+ 37. Kg1 Qxg6 (37... Qxd2
38. g7+ Kh7 39. g8=Q+ Kxg8 40. Qxe6+ $11) 38. Bxf4+ Kh7 $17) 34. Qf7+ Kh6 35.
Qxe8 Qd4+ 36. Kh2 Qxe5 37. Qf7 Qh5+ 38. Kg1 Qd1+ (38... Qxg6 39. Bxf4+ Nxf4 (
39... Kh5 $2 40. g4+ $18) 40. Qxf4+) 39. Kh2 Qh5+ 40. Kg1 Qxg6 41. Bxf4+ Nxf4
42. Qxf4+ Qg5 43. Qf8+ Qg7 44. Qf4+ Qg5 45. Qf8+ Kh5 46. Qh8+ Kg4 47. Qd4+ Qf4
1/2-1/2

[Event "ISR-ch"]
[Site "Tel Aviv"]
[Date "2002.11.26"]
[Round "2"]
[White "Bitensky, Igor"]
[Black "Kantsler, Boris"]
[Result "0-1"]
[WhiteElo "2370"]
[BlackElo "2486"]
[Annotator "Finkel,A"]
[PlyCount "62"]
[EventDate "2002.11.24"]
[EventType "swiss"]
[EventRounds "9"]
[EventCountry "ISR"]
[SourceTitle "CBM 093"]
[Source "ChessBase"]
[SourceDate "2003.04.01"]
[SourceVersion "1"]
[SourceVersionDate "2003.04.01"]
[SourceQuality "1"]

1. e4 g6 2. d4 Bg7 3. Nc3 d6 4. Be3 a6 5. Qd2 b5 6. a4 b4 7. Nce2 a5 (7... Nf6
8. Ng3 h5 9. f3 h4 10. N3e2 a5 11. c3 Na6 12. Nc1 O-O 13. Nb3 bxc3 14. bxc3 $14
{Mainka,R-Jansa,V/Bad Woerishofen 1992}) 8. Ng3 (8. c3 Nf6 9. f3 Na6 (9... Nc6
10. Ng3 O-O 11. Bb5 bxc3 12. bxc3 Bd7 13. N1e2 Na7 14. Bd3 $14 {Adams,M-Lobron,
E/Brussels 1992}) (9... bxc3 10. bxc3 O-O 11. Nc1 Nbd7 12. Bb5 Nb6 13. Nge2 Bd7
14. Qa2 $14 {Hansen,C-Azmaiparashvili,Z/Cap d`Agde 1996})) 8... c5 $5 {Quite
risky approach to the opening. Nevertheless in the following game white didn't
manage to find a key to black's position.} (8... Ba6 9. Bxa6 Nxa6 10. Nf3 h5
11. h4 Nf6 12. O-O Ng4 13. Bg5 O-O 14. c3 $14 {Beaumont,C-Saunders,J/Newport
1998}) (8... h5 9. h4 Nf6 10. f3 Nbd7 (10... Na6 $5) 11. Bb5 O-O (11... Ba6 12.
Bc6 Rb8 13. e5 $16) 12. Bh6 c5 13. N1e2 e6 14. O-O-O $36 {Zapata,A-Smyslov,V/
Manila 1990}) (8... Nd7 9. Nf3 (9. h4 h5 10. f3 e5 11. d5 Bh6 12. Bb5 Ba6 $13 {
Luther,T-Conquest,S/Lyngby 1990}) 9... Bb7 (9... Nb6 10. Bb5+ Bd7 11. Bxd7+
Qxd7 12. b3 h5 13. h3 Nf6 14. Ng5 h4 15. Ne2 e5 $132 {Kaminski,M-Ehlvest,J/
Polanica Zdroj 1997}) 10. Bd3 e6 11. O-O Ne7 12. c3 bxc3 13. bxc3 O-O 14. Bh6
e5 15. Bc2 Nc6 16. Rfd1 Rb8 17. Rab1 $14 {Pikula,D-Nesic,N/Jagodina 1998}) 9.
Nf3 {More natural reaction is c3 keeping the control over the cenetr, but this
move can't be bad too.} (9. c3 $5) 9... cxd4 10. Nxd4 (10. Bxd4 Nf6 11. Bb5+
Bd7 (11... Nbd7 12. e5 dxe5 13. Nxe5 O-O 14. Nc6 Qe8 15. O-O $14 {[%csl Re8]})
12. e5 dxe5 13. Bxe5 O-O 14. Rd1 Qe8 $5 $132 {[%cal Ge8e1]}) 10... Nf6 11. Bh6
$5 Bxh6 12. Qxh6 Qb6 {Forcing white to decide whether he wants to put his king
on the queenside.} 13. Rd1 $6 (13. O-O-O $5 Bd7 14. Bc4 Bxa4 15. Rhe1 Nbd7 16.
f4 $44 {[%cal Ge4e5]}) 13... Bd7 $1 $132 {[%csl Ra4] Black is playing very
concrete chess. It's very difficult for white to create anything on the
kingside because his knight is awkwardly placed on g3 so black is attacking
weak pawn on a4.} 14. Bb5 (14. Nb5 Ng4 15. Qd2 O-O 16. h3 Nf6 17. Be2 Na6 $132)
14... Nc6 $1 15. Nxc6 (15. c3 bxc3 16. bxc3 Nxd4 17. Bxd7+ Nxd7 18. cxd4 Qb4+
$15 {[%csl Ra4]}) 15... Bxc6 16. Bxc6+ Qxc6 {[%csl Ra4,Rc2,Re4] Attacking 3
white pawns at the same time!} 17. O-O Qxa4 18. Rd2 $6 {White had to take more
drastic measures to change the character of the game, but ti seems that black
has an upper hand in any case.} (18. f4 $5 Qxc2 19. e5 dxe5 20. fxe5 Qc5+ 21.
Kh1 Qxe5 22. Rde1 {[%csl Re8][%cal Ge1e8]} Qxb2 23. Qg7 Rg8 24. Qxf6 Qxf6 25.
Rxf6 e6 $15) 18... Qb5 19. f4 a4 $1 {[%cal Ga4a1]} 20. e5 dxe5 21. fxe5 Qxe5
22. Re2 Qd4+ 23. Kh1 a3 $19 {black doesn't need his rook on h8 to win the game
because white queen on h6 is also out of play.} 24. c3 bxc3 25. bxc3 (25. bxa3
Rc8 $1 $19) 25... Qxc3 26. Rfe1 (26. Qg7 Rg8 27. Qxf6 Qxf6 28. Rxf6 a2 $19)
26... a2 $5 27. Rxe7+ Kd8 28. Qg7 Rg8 29. Rd7+ Kc8 $1 30. Rc7+ Kxc7 31. Qxf7+
Kb8 0-1

[Event "EU-ch 2nd"]
[Site "Ohrid"]
[Date "2001.06.05"]
[Round "5"]
[White "Belotti, Bruno"]
[Black "Kantsler, Boris"]
[Result "0-1"]
[WhiteElo "2440"]
[BlackElo "2507"]
[Annotator "Finkel,A"]
[PlyCount "90"]
[EventDate "2001.06.01"]
[EventType "swiss"]
[EventRounds "13"]
[EventCountry "YUG"]
[SourceTitle "CBM 084"]
[Source "ChessBase"]
[SourceDate "2001.09.13"]
[SourceVersion "1"]
[SourceVersionDate "2001.09.13"]
[SourceQuality "1"]

1. e4 g6 2. d4 Bg7 3. Nc3 c6 4. Bc4 d6 5. Bb3 Nf6 6. Bg5 $6 {Bishop has
nothing to do on g5 in this variation so better is natural 6.Nf3 or 6.f4!?:} (
6. f4 O-O 7. Nf3 Na6 8. O-O Bg4 9. h3 Bxf3 10. Qxf3 c5 11. e5 Nd7 12. e6 fxe6
13. Bxe6+ $14 {Tseshkovsky,V-Podgaets,M/Kaliningrad 1972/EXT 2001}) 6... Qa5 (
6... Nbd7 7. f4 O-O 8. Nf3 b5 9. e5 Ne8 10. d5 Bb7 11. Qe2 dxe5 12. fxe5 h6 $13
{Bellon Lopez,J-Ristoja,T/Stockholm 1969/EXT 2001}) (6... b5 7. a3 O-O 8. Qd2
Nbd7 9. Bh6 Bxh6 10. Qxh6 c5 11. Nf3 cxd4 12. Nxd4 Qb6 13. Rd1 Bb7 14. O-O a6
15. Nf3 e6 16. Ng5 $36 {Lorenz,G-Bartsch,B/Germany 1998/GER-chT2}) (6... a5 7.
Nf3 h6 8. Bxf6 exf6 9. O-O O-O 10. Re1 f5 11. e5 d5 12. a4 Na6 13. Ne2 Nc7 14.
Qd2 Ne6 15. c3 $14 {De Firmian,N-Soltis,A/New York 1987}) 7. Qd2 h6 8. Bh4 (8.
Be3 $5 Ng4 9. Bf4 e5 10. dxe5 dxe5 11. Bg3 Nd7 $132) 8... e5 9. Nge2 Nbd7 10.
O-O-O O-O {Now we can see the drawbacks of 6.Bg5: it's not so easy for white
to launch the attack because of the position of the bishop on h4, while black
is ready to start th actions on the queenside. The position is still far from
being clear, but we may definitly say that black ha won an opening battle.} 11.
f3 $6 (11. f4 $1 exf4 (11... b5 $6 12. dxe5 dxe5 13. fxe5 Nxe5 14. Rhf1 (14.
Bxf6 Bxf6 15. Qxh6 Bg7 16. Qh4 b4 $44) 14... Nfd7 15. Be7 Re8 16. Bd6 $14 {
[%csl Rf7]}) 12. Bxf6 Nxf6 13. Nxf4 Kh7 14. Rhf1 $13) 11... b5 12. dxe5 dxe5
13. Qd6 Qb6 $36 {[%cal Ga7a4]} 14. Qe7 $6 {White keeps playing without clear
plan, now deserved attention} (14. Rhf1 $5 {[%cal Gh4f2] intending to disturb
black queen on b6}) 14... a5 15. a3 Ra7 $5 {[%cal Gd7c5]} 16. Qd6 a4 17. Ba2
Re8 {[%cal Gg7f8] Bringing another piece to attack.} 18. Rhf1 Bf8 19. Bf2 Qa6 (
19... Bxd6 $2 20. Bxb6 Nxb6 21. Rxd6 Be6 22. Rxc6 $16) 20. Qd2 Rb7 21. Nb1 b4
22. axb4 Bxb4 $5 (22... Rxb4 23. Na3 Rb8 24. Nc3 Qb7 $6 25. Nxa4 Ra8 26. Bb3
$14) 23. Qxh6 {[%csl Rg6]} Nf8 $1 (23... Qxe2 $2 24. Qxg6+ Kh8 25. Bxf7 Rd8 26.
Bh4 Qe3+ 27. Nd2 Be7 28. f4 $1 $18 {[%cal Gf1f3,Gf3h3]}) 24. c3 $6 (24. Nec3 a3
25. b3 Ne6 26. Bh4 Bf8 27. Qe3 Nd7 $44) 24... a3 $1 25. cxb4 (25. Rd2 $2 axb2+
26. Rxb2 Ba3 $1 27. Nxa3 Rxb2 28. Kxb2 Qxe2+ $19) 25... axb2+ 26. Kxb2 Rxb4+
27. Ka1 $8 (27. Kc3 $2 Qxa2 $1 28. Kxb4 Qb2+ 29. Kc4 Ba6+ 30. Kc5 Ne6+ 31. Kxc6
Qb7+ 32. Kd6 Qc7#) 27... Qxe2 28. Qd2 Qb5 29. Nc3 Qa5 {White king is exposed
and step by step black increases the pressure.} 30. Rb1 (30. Bh4 $6 N6d7 31. f4
Nc5 $19 {[%cal Gc5b3]}) 30... Be6 31. Rxb4 Qxb4 32. Rb1 Qa5 33. Rb2 (33. Qb2
Bxa2 34. Nxa2 Ra8 35. Be1 Qa6 36. Bc3 N8d7 $17) 33... Rd8 34. Qc2 Ra8 35. Bb6
$6 {[%csl Rb6]} Qa6 36. Qe2 Bc4 $1 37. Qd2 Ne6 38. Kb1 $6 {Making black's task
easier, but also after} (38. Be3 c5 39. Kb1 Nd4 $17 {it's hard to believe tht
white may hold on.}) 38... Bxa2+ 39. Nxa2 c5 40. Qd6 Nd4 $1 $19 {[%cal Ga6d3]}
41. Qxf6 Qd3+ 42. Kc1 Ne2+ ({Slightly more accurate was} 42... Qf1+ $1 43. Kd2
Qe2+ 44. Kc3 Ra3+ 45. Rb3 Rxb3#) 43. Rxe2 Qxe2 44. Ba5 Qxa2 (44... Rxa5 $4 45.
Qd8+ $16 {[%cal Gd8a5,Gd8g8]}) 45. Bc3 Rb8 0-1

[Event "EU-Cup 21st"]
[Site "Saint Vincent"]
[Date "2005.09.24"]
[Round "7.6"]
[White "Hedman, Erik"]
[Black "Fressinet, Laurent"]
[Result "0-1"]
[WhiteElo "2340"]
[BlackElo "2627"]
[Annotator "Finkel,A"]
[PlyCount "75"]
[EventDate "2005.09.18"]
[EventType "team-swiss"]
[EventRounds "7"]
[EventCountry "ITA"]
[SourceTitle "CBM 110"]
[Source "ChessBase"]
[SourceDate "2006.01.31"]
[SourceVersion "1"]
[SourceVersionDate "2006.01.31"]
[SourceQuality "1"]
[WhiteTeam "Stockholm"]
[BlackTeam "Paris NAO"]
[WhiteTeamCountry "SWE"]
[BlackTeamCountry "FRA"]

1. e4 g6 2. d4 Bg7 3. Nc3 d6 4. Bg5 a6 5. Qd2 Nd7 6. f4 b5 7. Nf3 Bb7 8. d5 $6
{After this move Black darksquared bishop becomes far too strong so it can
hardly be recommended for use.} ({Nothing special promises} 8. O-O-O b4 9. Nd5
Bxd5 10. exd5 Ngf6 11. Bxf6 Nxf6 12. Bc4 Rb8 13. Rde1 O-O $13 {Vasiukov,
E-Adorjan,A/Moscow 1971}) ({The best way to meet Black's set up seems to be} 8.
e5 $5 f6 9. Bh4 Nh6 10. Bd3 c5 11. exd6 exd6 12. O-O O-O 13. Be4 Bxe4 14. Nxe4
Qc7 15. dxc5 dxc5 16. Qd5+ Kh8 17. Rad1 $14 {Motylev,A-Lorscheid,G/Hoogeveen
2003}) 8... Ngf6 9. a3 {White is forced to play this move as after} (9. e5 b4
10. exf6 bxc3 11. Qxc3 Nxf6 $15 {Black gets a very comfortable position.}) 9...
Nc5 10. Bxf6 ({Maybe more promising was} 10. Bd3 $5 c6 11. dxc6 Bxc6 12. Qe3 {
even though it's obvious that Black is doing great in that case too.}) 10...
Bxf6 11. e5 Bg7 12. O-O-O O-O 13. h4 {White's attack without the darksquared
bishop is harmless.} (13. Qe3) 13... c6 14. dxc6 Bxc6 15. Nd4 $6 (15. exd6 exd6
(15... Bxf3 $6 16. gxf3 exd6 17. Nd5 $14 {[%cal Gf4f5,Gh4h5]}) 16. Qxd6 Qxd6
17. Rxd6 Bxf3 18. gxf3 Bxc3 19. bxc3 $11) 15... Bb7 16. Qe3 Qc7 17. exd6 exd6
18. h5 Rfe8 $36 19. Qf2 (19. Qh3) 19... Rac8 {Black's pressure over the c-file
becomes menacing.} 20. Rh3 Ne4 21. Nxe4 Rxe4 22. Rhd3 Qc5 23. hxg6 hxg6 24.
R1d2 ({After} 24. c3 $2 {[%csl Rc3]} a5 $40 {[%cal Gb5b4] Black easily breaks
up with b4.}) 24... Rce8 25. g3 Re1+ 26. Rd1 Rxd1+ 27. Rxd1 Be4 {[%cal Gg7d4,
Ge4c2] Black creates threats with every move.} 28. Rd2 Rc8 29. Nb3 Qf5 {
[%csl Rc2]} 30. Bg2 d5 31. Bf3 $6 (31. Bxe4 $142 dxe4 32. Qe3 Qe6 33. Re2 f5
34. g4 $5 $132) 31... Qf6 32. Nd4 Qb6 $1 33. Bxe4 dxe4 34. Qe3 b4 35. axb4 Qxb4
36. Qxe4 Qa4 {[%cal Gc8e8,Ga4a1]} 37. Kb1 $4 {Missing Black's reply. After the
correct} (37. c3 Re8 38. Qd3 Qa1+ 39. Kc2 Rb8 40. b3 (40. Nb3 $2 Qa4 41. Qd5
Rb5 42. Qd8+ Bf8 $19) 40... Bxd4 41. Qxd4 Qa2+ 42. Kd1 Qxb3+ 43. Ke2 $15 {
White would've kept good chances to save the game.}) 37... Re8 38. Kc1 0-1